[Event "World University-ch 13th"]
[Site "Katowice"]
[Date "2014.08.23"]
[Round "8"]
[White "Batchuluun, Tsegmed"]
[Black "Swiercz, Dariusz"]
[Result "1/2-1/2"]
[WhiteElo "2513"]
[BlackElo "2611"]
[Annotator "Swiercz,D"]
[PlyCount "260"]
[EventDate "2014.08.18"]
[EventType "swiss"]
[EventRounds "9"]
[EventCountry "POL"]
[SourceTitle "CBM 162"]
[Source "ChessBase"]
[SourceDate "2014.09.17"]
[SourceVersion "1"]
[SourceVersionDate "2014.09.17"]
[SourceQuality "1"]

1. d4 Nf6 2. c4 d6 3. Nc3 e5 {In this game I wanted to avoid main theory and
get from the opening some playable position which my opponent doesn't play
normally. And I managed to get it.} 4. Nf3 exd4 $5 {Quite a rare move. Much
more often played are 4...Nbd7 or 4...e4. Also possible is 4...Nc6, as was in
the recent game Moiseenko - Rapport, 2014.} 5. Nxd4 g6 6. g3 Bg7 7. Bg2 O-O 8.
O-O Re8 9. b3 Na6 10. Bb2 Nc5 {After 10 moves on the board what has arisen is
a King's Indian-like position with g3. As my opponent was usually in the habit
of choosing different systems against this opening, I was happy to get this
one.} 11. b4 $6 {In my opinion this move is already an inaccuracy. White
forces my knight to come to e4 where I even wanted to go, as the exchange of
knights is good for me.} ({I was considering only} 11. Qc2 a5 12. Rad1 {
where I was thinking about two moves - ...c6 or ...Bd7. I think a better move
is} c6 $1 13. e4 (13. Nxc6 $5 {A typical blow, but it is not clear if it's
good in this position} bxc6 14. Bxc6 Bf5 15. Qc1 Bh3 16. Rfe1 Ncd7 $13) 13...
Qb6 $13 {with something of a normal KID with g3 position.}) 11... Nce4 12. Nxe4
Nxe4 13. Qc2 Qe7 14. a3 $6 {Another move which I could hardly understand.
Without any reason my opponent overprotects his pawn structure on the
queenside.} (14. Nb5 {was the normal logical move, intending to exchange
dark-squared bishops} Bxb2 (14... c6 15. Bxg7 Kxg7 16. Bxe4 Qxe4 17. Qb2+ Qe5
18. Qxe5+ Rxe5 19. Nxd6 Rxe2 20. Rfe1 $11) 15. Qxb2 a6 (15... c6 16. Bxe4 cxb5
17. Bd3 bxc4 18. Bxc4 Bh3 19. Rfd1) 16. Nc3 Nxc3 17. Qxc3 Qe5 18. Qxe5 Rxe5 19.
e3 a5 20. a3 $11) (14. Nb3 {was also possible, but it's a bit passive.} Bxb2
15. Qxb2 b6 16. Rad1 Bb7 17. Rfe1 Rad8 $11) ({Probably my opponent wanted to
play} 14. Rad1 {but I guess he did not like} a5 {and because of this he
started with a3.}) 14... h5 $5 {I thought that if my opponent plays some quiet
move like a3, I should try to exploit it with some energetic play.} 15. Nb5
Bxb2 16. Qxb2 c6 $5 {A very interesting move, trying to complicate things a
bit.} (16... a6 {was my first intention, but I rejected it after I noticed I
can't play 17...Qf6 and I have to exchange pieces, simplifying the position.}
17. Nc3 Nxc3 (17... Qf6 $6 18. Bxe4 Rxe4 19. Qb3 $1 Re6 20. Nd5 Qd8 21. Qc3 $36
{is bad for Black.}) 18. Qxc3 Qe5 19. Qxe5 Rxe5 $11) 17. Nc3 $6 {A very
dubious move. Black immediately gets a better position.} (17. Bxe4 {was
absolutely the best} cxb5 18. Bd3 bxc4 19. Bxc4 Bh3 {maybe my opponent was
afraid of this scary ...Bh3 but it's not so dangerous, as White has time to
put in Bd5 and in the worst case to move back to g2.} 20. Rfd1 Rac8 (20... Qe4
$2 21. Bd5 {and I can't take on e2} Qxe2 $2 22. Qf6 $1 Be6 23. Bxb7 Rab8 24.
Bc6 Red8 25. Re1 $16) 21. Bd5 b6 $11 {with an about equal position.}) 17... Qf6
$1 $15 18. Nd1 (18. Bxe4 Rxe4 19. Qb3 Re5 $15 {would have left me with a
strong bishop and White's knight does not reach the d5-square there.}) 18...
Qxb2 19. Nxb2 Nc3 20. e3 Bf5 {White's position is unpleasant. With no active
play and worse pieces it makes the position difficult to play, while Black has
a clear plan of undermining White's pawns on the queenside with ...a5.} 21. Bf3
(21. Rfe1 a5 22. b5 cxb5 23. cxb5 d5 $15) (21. Nd1 {would have been met with}
Na4 $15) 21... a5 22. Kg2 Kg7 23. h4 ({It was better to not clarify the
structure on kingside yet and play for example} 23. h3 {with some idea in the
future of g4. But it still does not solve White's problems, I can just
continue improving my pieces} Kf6 $15) 23... Kf6 24. b5 cxb5 25. cxb5 d5 $1 {
With the help of this move I restrain White's pieces from getting active.
Black is clearly better.} 26. Rfc1 Rac8 27. a4 b6 {A bit too slow. I wanted to
play ...Rc5 and ...Rec8, and ...b6 was helping to do this (immediate 27...Rc5
would have been met with 28.Nd1). But I could have played more energetically.}
(27... Ke5 $1 {was nearly crushing, as it is very difficult to play it with
White and it's very easy to blunder something.} 28. Nd1 Ne4 29. Bxe4 (29. Nb2
Nd2 $17 {now the d5-square is defended and I can go with the knight to d2.})
29... Kxe4 $1 $17) 28. Nd1 Ne4 29. Nb2 $1 Nc3 30. Nd1 Ne4 31. Nb2 Red8 $6 {
Possible, but probably not best.} ({A stronger move was} 31... Ke5 $1 {which I
was thinking about and which was the most natural choice. But I missed a great
follow-up unfortuantely.} 32. Nd3+ Kd6 33. Nf4 {and I thought White can hold
there after he manages to improve the knight. But there I have a great idea:}
Rxc1 $1 34. Rxc1 Rc8 {and I just take control on the c-file, as he can't go
for a B+N vs B+N ending as the a4-pawn will be lost. This I didn't see
unfortunately.}) 32. Nd3 Nd2 {The most natural choice - after taking the
bishop the pawn on a4 becomes extremely weak.} (32... Rc4 $5 {was also
possible.} 33. Nf4 Ke5 34. Nd3+ (34. Ne2 Rdc8 $17 {for example} 35. Rd1 Rc2 36.
Bxe4 Bxe4+ 37. Kf1 Bf3 $19) 34... Kd6 35. Nf4 Rdc8 36. Rd1 R8c5 (36... Nc3 37.
Bxd5 Nxd1 38. Rxd1 Rc1 39. Rd4 Ke7 40. Bc6 Rd8 41. Nd5+ Kf8 42. Kf3 $44) 37.
Nd3 Rc2 $5 38. Nxc5 Rxf2+ 39. Kg1 Rxf3 40. Nxe4+ Bxe4 41. Rac1 Rxe3 $15 {/-/+})
33. Nf4 Nxf3 34. Kxf3 Ke5 $2 {This move is a mistake, caused by being low on
time. Now things get very complicated.} (34... Bc2 $1 {I didn't like it as I
let his knight come to d4. But the point is that now the a4-pawn is lost,
which I didn't realise having little time on the clock.} 35. Ne2 Rc4 $1 36. Nd4
Rdc8 {to save the a4-pawn, White needs to transpose to a rook endgame which is
probably just lost.} 37. Rxc2 (37. Nxc2 Rxc2 38. Rd1 Ke6 39. Rd4 R8c4 $17)
37... Rxc2 38. Nxc2 Rxc2 39. Rd1 Ke5 40. Rd4 f5 $19 {at some point I want to
play ...Rc4 and the a4-pawn will be lost. Many pawn endings are also lost
there for White. For example:} 41. Rd1 (41. Kg2 Rc4 $19) 41... Rc4 42. Ra1 Kd6
43. Ra2 Kc5 44. Ra1 Kb4 $19) 35. Ke2 $1 {After this strong move White
consolidates his forces and it's not easy to break.} d4 {in order to open the
position for bishop and try to show the advantage of the bishop over the
knight in an open position.} 36. Nd3+ (36. exd4+ $2 Kxd4 {just activates my
king.} 37. Rd1+ (37. Rxc8 Rxc8 38. Rd1+ Kc4 39. Nd5 Re8+ $17) 37... Kc4 $1 $17)
36... Kf6 37. exd4 Rxc1 38. Rxc1 Rxd4 39. Rc6+ Kg7 40. Nf4 Rxa4 41. Rxb6 Rb4 {
As the World University Chess Championship was a very intensive tournament (3
double rounds), the rate of play was without time control after 40 move. And
about this moment we both started to play on 30 seconds. The position should
be drawn, but still - I have the bishop and the pawns are on 2 sides of the
board which gives me a more comfortable situation. White has to be careful.}
42. Rb8 $2 {The move which suggests itself. But it's a big mistake.} ({It was
essential to remove the king from the light squares:} 42. Ke3 a4 43. Ra6 $11)
42... a4 $6 (42... Bd7 $1 43. b6 Bc6 $17 {with a similar position to which
occurs later in the game.}) 43. b6 $2 (43. Ra8 Bd7 $17) (43. Rb7 {was the best
chance to survive, but it's difficult to play Rb8 and then Rb7 in time trouble.
The idea is to put Ra7 and not allow ...Bd7.}) 43... Be4 $1 $19 {Now Black is
completely winning. I took under control the a8-square and my a pawn can't be
stopped by White's rook from behind.} 44. Nd3 Rb5 45. Ke3 Bc6 46. Kd4 a3 47.
Nc1 Bd5 48. b7 Bxb7 49. Na2 Rb2 50. Nc3 Kf6 51. Ke3 Ke7 52. f4 Kd7 {Of course
Black is completely winning, but this move is a bit inaccurate, as my king
should go to the kingside.} (52... Kf6 $19 {[%cal Gf6f5,Gf5g4] the most
technical way to win was just to collect pawns from the kingside. White can't
do anything.}) 53. Kd4 Kc7 $6 {Not the correct direction and I am making my
task harder.} (53... Kd6 {with the idea to get back with the king to the
kingside.}) 54. Rf8 f5 55. Rf7+ Kb6 {It is difficult to understand this move -
on 30 seconds unfortunately such things happen. I allow my opponent to take
with tempo on g6. I am still winning, but now it becomes not as easy as it
would be after ...Kb8.} (55... Kb8 {was still winning quite easily as I am in
time to defend the pawns on the kingside with the bishop later on.} 56. Rg7 a2
57. Nxa2 Rxa2 58. Rxg6 Bf3 $19) 56. Rf6+ Ka5 $2 (56... Bc6 57. Rxg6 Rb4+ $1 {
to find this idea on 30 seconds is not easy.} 58. Kd3 Kc5 59. Rf6 Be4+ $19) 57.
Rxg6 a2 $2 {The final mistake, which leads to a draw.} (57... Ba6 $3 {was an
amazing way to win. However I was already short on time and I didn't see this
move at all.} 58. Rf6 Rd2+ 59. Kc5 (59. Ke3 Rd3+ $19) 59... Rg2 60. Kd4 Rxg3
61. Rxf5+ Kb4 62. Nd5+ Kb3 $19) 58. Nxa2 Rxa2 59. Rg5 Be4 (59... Bf3 {was
maybe a better chance, but it's not enough to win.} 60. Rxf5+ Kb6 61. Ke5 Bg4
62. Rg5 Kc6 63. Kf6 Kd6 64. Kf7 Rf2 65. Rg7 Rf3 66. Rg6+ Kd7 67. Rg5 {and it's
some kind of fortress as I can't take the g3-pawn because I let go then the
f-pawn} Rxg3 68. f5 $11) 60. Rxh5 Kb4 61. Rg5 Ra5 62. h5 (62. g4 {immediately
exchanging pawns and leading to a draw.} Rd5+ 63. Ke3 Rd3+ 64. Ke2 $11) 62...
Rd5+ 63. Ke3 Rd3+ 64. Ke2 Kc3 65. h6 Rd2+ 66. Ke3 Rd3+ 67. Ke2 Rd2+ (67... Kd4
68. h7 Bf3+ 69. Kf2 Ke4 70. h8=Q Rd2+ 71. Ke1 Rd1+ 72. Kf2 Rd2+ $11) (67...
Bf3+ 68. Kf2 Bg4 69. h7 Rd2+ 70. Kg1 Rd1+ 71. Kg2 Rd2+ 72. Kg1 $11) 68. Ke3 Rh2
69. g4 $1 {And White manages to exchange pawns, leading to a theoretically
drawish ending.} Rh3+ 70. Kf2 Rxh6 71. gxf5 Kd4 72. f6 Rxf6 73. Kg3 Ke3 74. Ra5
Rf8 75. Rb5 Rg8+ 76. Rg5 Ra8 77. Rb5 Ra1 78. Rb3+ Bd3 79. Rb2 Rf1 80. Ra2 Rxf4
{After spoiling such a winning position, I tried to win this theoretically
drawish ending. But my opponent defended well, knowing the way how to save the
ending of R+B vs R.} 81. Ra3 Rf6 82. Kg4 Rg6+ 83. Kh5 Rg1 84. Kh6 Ke4 85. Ra7
Kf4 86. Ra4+ Be4 87. Ra6 Ke5 88. Ra5+ Bd5 89. Kh5 Ke6 90. Kh4 Rg8 91. Kh3 Ke5
92. Kh4 Ke4 93. Kh5 Bf7+ 94. Kh6 Rg6+ 95. Kh7 Rg2 96. Kh6 Kf4 97. Kh7 Be6 98.
Kh6 Bf5 99. Ra6 Bd3 100. Ra4+ Kf5 101. Ra5+ Kf6 102. Kh5 Bf5 103. Ra6+ Be6 104.
Ra4 Rg3 105. Rb4 Ra3 106. Rf4+ Bf5 107. Rb4 Rf3 108. Ra4 Bd7 109. Ra6+ Be6 110.
Ra4 Rc3 111. Rb4 Rh3+ 112. Rh4 Rg3 113. Ra4 Rg8 114. Kh4 Ke5 115. Ra5+ Bd5 116.
Kh5 Ke4 117. Kh6 Rg1 118. Rb5 Be6 119. Rg5 Re1 120. Kg6 Kf4 121. Kf6 Bg4 122.
Ra5 Re6+ 123. Kf7 Bf5 124. Ra1 Re2 125. Ra3 Kg5 126. Rg3+ Bg4 127. Ra3 Bh5+
128. Kf8 Kh6 129. Ra6+ Bg6 130. Ra8 Re6 1/2-1/2